| 000 | 00518nam a2200181 a 4500 | ||
|---|---|---|---|
| 001 | 000024952 | ||
| 005 | 20200930023453.0 | ||
| 008 | 110208s1972 ve a r 000 0 spa d | ||
| 040 |
_aDO-SdBNP _bspa _cBNPHU |
||
| 082 |
_ann* _bnn* |
||
| 100 | 1 |
_aRosson, Francisco de. _951213 |
|
| 245 | 1 | 0 |
_aDescubrimientos y descubridores / _cFrancisco de Rosson. |
| 260 |
_aCaracas : _bMonte Avila, _c1972. |
||
| 300 |
_a135 p. : _bil. ; _c16 cm. |
||
| 490 | 1 |
_aCientÃfica. _v17 |
|
| 830 | 0 |
_aCientÃfica _v17 _925797 |
|
| 049 | _aBNGR | ||
| 999 |
_c24445 _d24445 |
||